000 00696nam a2200241Ia 4500
003 OSt
005 20220925235527.0
006 a|||||r|||| 00| 0
007 ta
008 220923b |||||||| |||| 00| 0 eng d
037 _cGeneral Book
040 _aRTL
_cRTL
_beng
041 _2eng
_aeng
082 _aX:9, M6
100 _aBhatia S. K.
245 0 _aPrinciples and techniques of personnel management
260 _a New Delhi
_bDeep and Deep India
_c1986
300 _axvi, 451p. Bibliography p.446-47
_ccm.
650 _a Personnel Management
_929105
650 _aLabour Economics
_921364
942 _hX:9, M6
_cGB
_2CC
999 _c597472
_d597472